00417nam a2200145Ia 4500100002000000942000700020654002100027245004800048260002600096082001700122300000800139546001200147999001700159952009500176 aWeeks/Arthur R  cBK aimage processing aFundamentals of Electronic image processing bPrentice Hallc1999 a621.399bWEE a570 aENGLISH c17789d17789 001040708CRCaCRCEbCRCEd2023-03-17l0o621.399 WEEp14437r2023-03-17w2023-03-17yBK